000 00498nam a2200181Ia 4500
008 191130s2009##################000#0#eng##
020 _a9780600619505
040 _aACL
_cACL
082 _a641.594 ZAV
100 _aZavan, Laura
245 _aItalian : one step at a time
_cLaura Zavan, Pierre Javelle
260 _aLondon
_bHamlyn
_c2009
300 _a82 p. : ill. ; 25 cm
650 _aCooking, Italian
990 _a73e2ffeaac10000c17396dae2a1d5a9e
991 _a315617
999 _c221886
_d221886